| 000 | 00880nam a2200277 a 4500 | ||
|---|---|---|---|
| 001 | BRCA_4520 | ||
| 005 | 20190320204713.0 | ||
| 008 | 210910s1920----gw-a######---#000-0#ger-# | ||
| 041 | _ager | ||
| 044 | _agw | ||
| 050 | 4 |
_aNK8862 _b.S58 1920 |
|
| 100 | 1 |
_aShulze, Paul _d1854- _911445 |
|
| 245 | 1 | 0 |
_aAlte Stoffe _bEin Leitfaden für Sammler und Liebhabermit... mit 202 Abbildungen und einer Karte _cvon Professor Paul Shulze. |
| 250 | _a2 | ||
| 260 |
_aBerlín _bRichard Carl Schmidt _c1920 |
||
| 300 |
_a217 p. _bil., 202 láminas, 1 mapa _c21 cm. |
||
| 440 | 0 |
_aBibliothek für kunst-und Antiquitätensammler _v10 _911446 |
|
| 500 | _aEstado físico: Lomo deteriorado | ||
| 500 | _aD2 | ||
| 650 | 1 | 4 |
_aSeda _xFabricación y comercio _911447 |
| 650 | 1 | 4 |
_aTextiles _xHistoria _911400 |
| 650 | 1 | 4 |
_aBordado _94753 |
| 650 | 1 | 4 |
_aTejido _97611 |
| 902 | _aGFM | ||
| 942 |
_2lcc _cB |
||
| 999 |
_c4226 _d4226 |
||